The CADCAM process (Record no. 62467)

MARC details
000 -LEADER
fixed length control field 01291nam a2200217 a 4500
008 - FIXED-LENGTH DATA ELEMENTS--GENERAL INFORMATION
fixed length control field 190710s1988 ||||||||||||||||| || u
020 ## - INTERNATIONAL STANDARD BOOK NUMBER
International Standard Book Number 9780273025726
050 ## - LIBRARY OF CONGRESS CALL NUMBER
Classification number TS 155.6 Haw
100 ## - MAIN ENTRY--PERSONAL NAME
Personal name Hawkes, Barry
245 14 - TITLE STATEMENT
Title The CADCAM process
Statement of responsibility, etc. By Barry Hawkes
260 ## - PUBLICATION, DISTRIBUTION, ETC.
Place of publication, distribution, etc. London
Name of publisher, distributor, etc. PITMAN Publishung
Date of publication, distribution, etc. 1988
300 ## - PHYSICAL DESCRIPTION
Extent viii, 275 pages : illustrations
650 ## - SUBJECT ADDED ENTRY--TOPICAL TERM
Topical term or geographic name entry element MANUFACTURING PROCESSES--DATA PROCESSING
650 ## - SUBJECT ADDED ENTRY--TOPICAL TERM
Topical term or geographic name entry element CAD/CAM SYSTEMS
650 ## - SUBJECT ADDED ENTRY--TOPICAL TERM
Topical term or geographic name entry element INDUSTRIAL DESIGN--DATA PROCESSING
995 ## - RECOMMENDATION 995 [LOCAL, UNIMARC FRANCE]
-- 18.00
-- CBU-MAIN LIBRARY (Kitwe)
-- 3
-- AVAILABLE
-- Jul 12, 2019
-- Main Library Open Access Collection
995 ## - RECOMMENDATION 995 [LOCAL, UNIMARC FRANCE]
-- CBU-MPIKA LIBRARY
-- 17.52
-- 5
-- AVAILABLE
-- Nov 22, 2019
-- Short Loan Collection
995 ## - RECOMMENDATION 995 [LOCAL, UNIMARC FRANCE]
-- 18.00
-- CBU-MAIN LIBRARY (Kitwe)
-- 2
-- AVAILABLE
-- Jul 12, 2019
-- Main Library Open Access Collection
995 ## - RECOMMENDATION 995 [LOCAL, UNIMARC FRANCE]
-- CBU-MAIN LIBRARY (Kitwe)
-- 17.52
-- 4
-- AVAILABLE
-- Nov 22, 2019
-- Short Loan Collection
995 ## - RECOMMENDATION 995 [LOCAL, UNIMARC FRANCE]
-- 18.00
-- CBU-MAIN LIBRARY (Kitwe)
-- 1
-- AVAILABLE
-- Jul 12, 2019
-- Main Library Open Access Collection
Holdings
Withdrawn status Lost status Source of classification or shelving scheme Damaged status Not for loan Home library Current library Shelving location Date acquired Total Checkouts Full call number Barcode Date last seen Price effective from Koha item type
          CBU-MAIN LIBRARY, KITWE. CBU-MAIN LIBRARY, KITWE.   11/30/2022   TS 155.6 Haw 749399 11/30/2022 11/30/2022 MONOGRAPH
          CBU-MAIN LIBRARY, KITWE. CBU-MAIN LIBRARY, KITWE.   11/30/2022   TS 155.6 Haw 749400 11/30/2022 11/30/2022 MONOGRAPH
          CBU-MAIN LIBRARY, KITWE. CBU-MAIN LIBRARY, KITWE.   11/30/2022   TS 155.6 Haw 750003 11/30/2022 11/30/2022 MONOGRAPH
          CBU-MAIN LIBRARY, KITWE. CBU-MAIN LIBRARY, KITWE.   11/30/2022   TS 155.6 Haw 749401 11/30/2022 11/30/2022 MONOGRAPH
          CBU-MPIKA LIBRARY, MPIKA CAMPUS. CBU-MPIKA LIBRARY, MPIKA CAMPUS.   11/30/2022   TS 155.6 Haw 750002 11/30/2022 11/30/2022 MONOGRAPH